Statistics for Musical Acts by Discography

Click here to take the quiz!

General Stats

  • This quiz has been taken 1,157 times
  • The average score is 7 of 15

Answer Stats

Hint Answer % Correct
Bleach (1989), Nevermind (1991), In Utero (1993)Nirvana
92%
Blood Sugar Sex Magik (1991), Californication (1999), Stadium Arcadium (2006)Red Hot Chili Peppers
85%
Frank (2003), Back to Black (2006), Lioness: Hidden Treasures (2011,Posthumous)Amy Winehouse
74%
Are You Experienced (1967), Axis: Bold as Love (1967), Electric Ladyland (1968)Jimi Hendrix Experience
72%
Houses of the Holy (1973), Physical Graffiti (1975), In Through the Out Door (1979)Led Zeppelin
67%
England's Newest Hit Makers (1964), Out of Our Heads (1965),Their Satanic Majesties Request (1967), Exile on Main St. (1972)The Rolling Stones
63%
Odelay (1996),Midnite Vultures (1999), Guero (2005)Beck
48%
Blowin' Your Mind! (1967), Astral Weeks (1968), Moondance (1970)Van Morrison
45%
Tragic Kingdom (1995), Return of Saturn (2000), Rock Steady (2001)No Doubt
40%
Surrealistic Pillow (1967), Volunteers (1969)Jefferson Airplane
28%
Empire (2006), West Ryder Pauper Lunatic Asylum (2009), Velociraptor! (2011)Kasabian
24%
The Big Come Up (2002), Rubber Factory (2004), Attack & Release (2008)The Black Keys
22%
Songs of Love and Hate (1971), Death of a Ladies' Man(1977),The Future (1992), Dear Heather (2004)Leonard Cohen
16%
Folklore (2003), Loose (2006)Nelly Furtado
13%
We Were Born in a Flame (2003), Chemical City (2006), Love at the End of the World (2008), Collider (2011)Sam Roberts
4%

Score Distribution

Percentile by Number Answered

Percent of People with Each Score

Your Score History

You have not taken this quiz